Static analysis of determinate and indeterminate structures / Kenneth Derucher, Ph.D., P.E., Professor and Former Dean of College of Engineering, Department of Civil Engineering, California State University, Chico, Chandrasekhar Putcha, Ph.D., F.ASCE, Professor, Department of Civil and Environmental Engineering, California State University, Fullerton, Uksun Kim, Ph.D., P.E., Professor, Department of Civil and Environmental Engineering, California State University, Fullerton, Hota V.S. GangaRao, Ph.D., P.E., Wadsworth Professor, Wadsworth Department of Civil and Environmental Engineering, Stater College of Engineering, West Virginia University, Morgantown, WV. (Record no. 22206)
| 000 -LEADER | |
|---|---|
| fixed length control field | 01220nam a2200181 4500 |
| 020 ## - INTERNATIONAL STANDARD BOOK NUMBER | |
| ISBN | 9781032159904 |
| 082 ## - DEWEY DECIMAL CLASSIFICATION NUMBER | |
| Classification number | 624.171 |
| Item number | D438 2022 |
| 100 ## - MAIN ENTRY--AUTHOR NAME | |
| Personal name | Derucher, Kenneth N., 1949– author. |
| 245 ## - TITLE STATEMENT | |
| Title | Static analysis of determinate and indeterminate structures / Kenneth Derucher, Ph.D., P.E., Professor and Former Dean of College of Engineering, Department of Civil Engineering, California State University, Chico, Chandrasekhar Putcha, Ph.D., F.ASCE, Professor, Department of Civil and Environmental Engineering, California State University, Fullerton, Uksun Kim, Ph.D., P.E., Professor, Department of Civil and Environmental Engineering, California State University, Fullerton, Hota V.S. GangaRao, Ph.D., P.E., Wadsworth Professor, Wadsworth Department of Civil and Environmental Engineering, Stater College of Engineering, West Virginia University, Morgantown, WV. |
| 260 ## - PUBLICATION, DISTRIBUTION, ETC. (IMPRINT) | |
| Place of publication | Boca Raton, FL : |
| Name of publisher | CRC Press, |
| Year of publication | 2022. |
| 300 ## - PHYSICAL DESCRIPTION | |
| Number of Pages | 1 online resource, xiii, 186 pages : |
| Other physical details | illustrations. |
| 500 ## - GENERAL NOTE | |
| General note | Includes index. |
| 650 ## - SUBJECT ADDED ENTRY--TOPICAL TERM | |
| Topical Term | Structural frames -- Mathematical models. |
| 700 ## - ADDED ENTRY--PERSONAL NAME | |
| Personal name | Putcha, Chandrasekhar, author. |
| 700 ## - ADDED ENTRY--PERSONAL NAME | |
| Personal name | Kim, Uksun, author. |
| 700 ## - ADDED ENTRY--PERSONAL NAME | |
| Personal name | GangaRao, Hota V.S., author. |
| 942 ## - ADDED ENTRY ELEMENTS (KOHA) | |
| Koha item type | Electronic Books |
| Source of acquisition | Permanent Location | Date acquired | Collection code | Koha item type | Lost status | Shelving location | Withdrawn status | Current Location | Full call number |
|---|---|---|---|---|---|---|---|---|---|
| Donations | Cagayan State University - Carig Library | 2026-04-15 | E-Books | Electronic Books | E-Resource Section | Cagayan State University - Carig Library | 624.171 D438 2022 |